String figures and how to make them : a study of cat's-cradle in many lands
| Main Author: | |
|---|---|
| Format: | Book |
| Published: |
New York :
Dover Publications,Inc. ,
1962
|
| Subjects: |
MARC
| LEADER | 00000cam a2200000 7i4500 | ||
|---|---|---|---|
| 001 | 0000009912 | ||
| 002 | 000010795 | ||
| 005 | 20000330.0 | ||
| 020 | |a 048620152X | ||
| 090 | 0 | 0 | |a 793.5 |b JAY |
| 100 | 1 | |a Jayne, Carline Furness | |
| 245 | 1 | 0 | |a String figures and how to make them : |b a study of cat's-cradle in many lands |c Carline Furness Jayne |
| 260 | |a New York : |b Dover Publications,Inc. , |c 1962 | ||
| 300 | |a 407 p. ; |c 22 cm. | ||
| 650 | 0 | 0 | |a String figures |
| 999 | |a 0008635 |b BUKU |c PINJAMAN |e PERPUSTAKAAN KOMUNITI PETALING JAYA | ||